| 000 | 00539nam a2200193 a 4500 | ||
|---|---|---|---|
| 001 | 34598 | ||
| 005 | 20180714002743.0 | ||
| 008 | 140415s1965 mx 000 0 spa d | ||
| 041 | _aspa | ||
| 082 |
_a330.1 _bADE |
||
| 100 | 1 | _aADELMAN, IRMA | |
| 245 | 1 | 0 | _aTEORIAS DEL DESARROLLO ECONOMICO |
| 250 | _a2A ED. | ||
| 260 |
_aMEXICO : _bFONDO DE CULTURA ECONOMICA, _c1965 |
||
| 300 | _a171 | ||
| 490 | _aSECCION DE OBRAS DE ECONOMIA | ||
| 650 | 1 | 4 |
_aDESARROLLO ECONOMICO _xECONOMIA |
| 700 | 1 |
_aRAMON REYES, ROBERTO _etr. |
|
| 999 |
_c34598 _d34598 |
||